Migration in the sea
| Main Author: | |
|---|---|
| Format: | Book |
| Published: |
Wiltshire :
Young Library ,
1991
|
| Series: | Migration series
|
| Subjects: |
MARC
| LEADER | 00000cam a2200000 7i4500 | ||
|---|---|---|---|
| 001 | 0000005582 | ||
| 002 | 000006034 | ||
| 005 | 20060126.0 | ||
| 020 | |a 1854290096 | ||
| 090 | 0 | 0 | |a 574.52 |b ORA |
| 100 | 1 | |a Oram, Liz | |
| 245 | 1 | 0 | |a Migration in the sea |c Liz Oram and R.Robin Baker |
| 260 | |a Wiltshire : |b Young Library , |c 1991 | ||
| 300 | |a 48 p. : |b ill. ; |c 27 cm. | ||
| 490 | 0 | |a Migration series | |
| 650 | 0 | 0 | |a Animals on the rocky shore |x Migration |x Juvenile literature |
| 999 | |a 027153 |b BUKU |c JUNIOR BOOKS |e PERPUSTAKAAN KOMUNITI PETALING JAYA | ||